000 00817nam a2200289Ia 4500
003 GCL
008 140319s9999 xx 000 0 ara d
040 _aGCL /
_cGCL
082 0 4 _a658.404
_bص ا
100 1 _aصلاح الشنوانى
245 1 0 _aاقتصاديات الاعمال /
_cصلاح الشنوانى
260 _a[S.N] :
_bمؤسسة شباب الجامعة ،
_c1991
300 _a318 ص
490 _a
650 0 4 _aالاقتصاد الكلى
650 0 4 _aالاقتصاد
650 0 4 _aالادارة
650 0 4 _aتنظيم وادارة
650 0 4 _aالتسويق
650 0 4 _aالتخطيط
650 0 4 _aالتنظيم
650 0 4 _aالمشروعات
650 0 4 _aاقتصاديات
650 0 4 _aالاحتكار
650 0 4 _aالمنافسة
942 _2ddc
_cBK
999 _c55238
_d55238